Catálogo público

Bioquímica / (Record no. 165221)

MARC details
000 -CABECERA
campo de control de longitud fija 00791nam a2200289Ia 4500
001 - NÚMERO DE CONTROL
campo de control Z_2165
003 - IDENTIFICADOR DEL NÚMERO DE CONTROL
campo de control CHAP
008 - DATOS DE LONGITUD FIJA--INFORMACIÓN GENERAL
campo de control de longitud fija 220113s2005 xx 000 0 und d
010 ## - NÚMERO DE CONTROL DE LA BIBLIOTECA DEL CONGRESO
Número de control de LC 165221
020 ## - NÚMERO INTERNACIONAL ESTÁNDAR DEL LIBRO
Número Internacional Estándar del Libro 0-8053-3066-6
040 ## - FUENTE DE LA CATALOGACIÓN
Centro/agencia transcriptor CHAP
082 ## - NÚMERO DE LA CLASIFICACIÓN DECIMAL DEWEY
Número de clasificación 574.192 M2y 2002
100 ## - ENTRADA PRINCIPAL--NOMBRE DE PERSONA
Nombre de persona Mathews, Christopher K
9 (RLIN) 73001
245 ## - MENCIÓN DE TÍTULO
Título Bioquímica /
Mención de responsabilidad, etc. Christopher K. Mathews, K. E. van Holde y Kevin G. Ahern
260 ## - PUBLICACIÓN, DISTRIBUCIÓN, ETC.
Lugar de publicación, distribución, etc. Madrid :
Nombre del editor, distribuidor, etc. Pearson Addison Wesley,
Fecha de publicación, distribución, etc. 2005
300 ## - DESCRIPCIÓN FÍSICA
Extensión 1368 p. :
Otras características físicas ilus. + 1 disco compacto
500 ## - NOTA GENERAL
Nota general Trad. de Biochemistry, 3 ed. 2002
503 ## - NOTA DE HISTORIA BIBLIOGRÁFICA (BK CF MU) [OBSOLETO]
Nota de historia bibliográfica c/e
650 #0 - PUNTO DE ACCESO ADICIONAL DE MATERIA--TÉRMINO DE MATERIA
Término de materia o nombre geográfico como elemento de entrada Bioquímica
9 (RLIN) 139215
700 ## - PUNTO DE ACCESO ADICIONAL--NOMBRE DE PERSONA
Nombre de persona Holde, K. E. van II. Ahern, Kevin G.
9 (RLIN) 139216
901 ## - ELEMENTOS DE DATOS A LOCAL LDA (RLIN)
a 574.192 M2Y 2002
902 ## - ELEMENTOS DE DATOS B LOCAL, LDB (RLIN)
a M
910 ## - DATOS DE OPCIÓN DEL USUARIO (OCLC)
Datos de opción del usuario 2005
942 ## - ELEMENTOS DE PUNTO DE ACCESO ADICIONAL (KOHA)
Tipo de ítem Koha Libro_
942 ## - ELEMENTOS DE PUNTO DE ACCESO ADICIONAL (KOHA)
Tipo de ítem Koha
Holdings
Estado de retiro Estado de pérdida Fuente del sistema de clasificación o colocación Estado dañado No para préstamo Código de colección Localización permanente Ubicación/localización actual Ubicación en estantería Fecha de adquisición Código de barras Fecha visto por última vez Número de copia Precio válido a partir de Tipo de ítem Koha Total de préstamos Fecha del último préstamo
    Dewey Decimal Classification     General Zootecnia Zootecnia   20/02/2007 z_5329 18/01/2022 1 18/01/2022 Libro    
    Dewey Decimal Classification     General Zootecnia Zootecnia   20/02/2007 z_5330 19/08/2024 2 18/01/2022 Libro 1 19/08/2024
    Dewey Decimal Classification     General Zootecnia Zootecnia   20/02/2007 z_5331 18/01/2022 3 18/01/2022 Libro